000 00642nam a22002297a 4500
001 32782
003 UA-OsUOA
005 20210903092352.0
007 ta
008 20050211b un ||||| |||| 00| 0 ukr d
040 _aUA-OsUOA
_brus
_cUA-OsUOA
_dUA-OsUOA
041 _arus
044 _aUA
080 _a94(477).09(092)
090 _a94(477).09(092)
_bС56
245 _aСоветская Украина в годы Великой отечественной войны 1941 – 1945 гг.
260 _aК.
_bНаукова думка
_c1980
300 _a592 с.
650 7 _2UDC
_a94 Історія
942 _cBK
_2udc
955 _a1
999 _c319235
_d319235